Sports Quiz

Random Sports or Numbers Quiz

Detroit Red Wings retired numbers Quiz Stats

Quiz not verified by Sporcle

Challenge
Share
Tweet
Embed
Score 0/7 Timer 01:30
0 Plays Today
Number Player % Correct
9Gordie Howe
96.4%
19Steve Yzerman
94.2%
5Nicklas Lidström
90.5%
7Ted Lindsay
76.8%
1Terry Sawchuk
75.8%
10Alex Delvecchio
68.5%
12Sid Abel
66.1%

You're not logged in!

Compare scores with friends on all Sporcle quizzes.
Join for Free
OR
Log In

You Might Also Like...

Show Comments

Extras

Top Quizzes Today


Score Distribution

Your Account Isn't Verified!

In order to create a playlist on Sporcle, you need to verify the email address you used during registration. Go to your Sporcle Settings to finish the process.

Report this User

Report this user for behavior that violates our Community Guidelines.

Details: